02758nam a2200421uu 4500001000800000005001700008008004100025020001800066035001200084040001300096041000800109080000600117082000800123100005400131245007500185260006100260300003600321505021700357520074200574650004301316650006801359650003201427650003901459650003601498650003001534650004601564650003401610700004701644700005501691700005401746700005401800700004601854700008401900942000901984999001901993952016302012952016102175152316120260508093606.0190404s2017 spa  a9789587204582 a1523161 ccomduadb aspa aE 4a30610aBlandón Cardona, Jorge Iván4edteedt951631510aCorporación Cultural Nuestra Gente 30 años : Ser, hacer, acontecer aMedellín :bCorporacion Cultural Nuestra Gente,c2017. a298 páginas :bilustraciones. aCONTENIDO : Prologo: Celebrar la vida. -- Presentación. -- Y cuando llegamos... -- Aprender enseñar aprehender. -- Ciudadanas, ciudadanos y mundos. -- Artistas para la vida. -- De la creación y la pasión.3 aHay un punto de cultura viva en la comunidad lograda de Santa Cruz, sitio de la comuna 2, en donde sus pobladores han podido construir una pequeña universidad del buenvivir con la Corporación Cultural Nuestra Gente, la casa amarilla, burdel arrancado a la perversidad, para convertirlo en casa común de humanidad y vida nueva, explorando todas las herramientas que la creatividad y la innovación generan en los seres que afirman las artes y las ciencias para superar nuestros egoísmos conformando colectivos útiles al progreso de los pobladores: todos proporcionan su sostenimiento de toma y dame en las artes, la seguridad alimentaria, la convivencia dialogante y la alegría y humor del vivir sanos, solidarios y amorosos. aBuen vivir - Aspectos sociales9200652 aComuna 2, Santa Cruz - Medellín (Antioquia, Colombia)983024 aMovimiento cultural9149988 aCreatividad e innovación9197352 aTransformación social9192998 7aCiudadanía2embne97308 aCorporacion Cultural Nuestra Gente954285 aInstituciones culturales914710aCaballero Bolivar, Diana4edteedt978143610aAtehortúa Castro, Luis Alfredo4auteaut958660910aSierra Vásquez, Juan Fernando4auteaut953084810aMelguizo Posada, Jorge Humberto4auteaut944522710aGiraldo García, Jenny4auteaut969174110aMejía Arango, Juan Luis,d1951-4aui0(viaf)65551626694637555000eaui9503761 cBOOK c802400d802400 001040708GENERALaIEPbIEPd2019-04-04eMaterial adquirido por donacióng34000.00iC1312054l0oE03303p0962827r2023-05-04 00:00:00t1w2023-05-04yBOOK 001040708ANTIOQUIAaBCbBCd2019-04-25eMaterial adquirido por donacióniC1313132l0o306.486 C822p01068066r2023-05-04 00:00:00t2w2023-05-04yBOOKI